000 01058nam0a22002291 4500
001 rc\378775
005 20250621060418.0
035 _a(NLR Aleph) 005610469
090 _a6407904
_c6407904
100 _a20030307d1989 |||y0rusy50 ca
101 0 _arus
102 _aRU
105 _ay |||||||||
200 1 _aОсновные направления подготовки советских баскетболистов к XXV Олимпийским играм 1992 г.
_e(Метод. рекомендации)
_fГос. ком. СССР по физ. культуре и спорту. Гл. науч.-техн. упр. Упр. игровых видов спорта, ВНИИ физ. культуры
_g[Сост. к. п. н. Ю.М. Портновым и др.]
210 _aМ.
_cОтд. исслед. организац.-метод. пробл. НИД ВНИИФК
_d1989
215 _a24 с.
_d20
333 _aДСП. Экз. № 000006
801 0 _aRU
_bNLR
_gpsbo
801 1 _aRU
_bELAR
_2rusmarc
852 _aNLR
_j90-50К/2826
942 _cBOOK
980 _aNB